000 00830nam a2200253Ia 4500
003 OSt
005 20220930190909.0
006 a|||||r|||| 00| 0
007 ta
008 220926b |||||||| |||| 00| 0 eng d
024 _a2244
037 _cDissertations
040 _aCRL
_cCRL
_beng
041 _2eng
_aeng
100 _aMitra Mihir Kumar
_9559516
110 _aUniversity of Delhi. Faculty of Medical Sciences. Department of Surgery
245 0 _aClinical manifestations and management of the perforations of gastrointestinal tract
260 _c1966
650 _aSURGERY
700 _a Dr B B Bhatia Supervisor
_9530966
700 _aUniversity of Delhi. Faculty of Medical Sciences. Department of Surgery
942 _cDIS
_2CC
999 _c893278
_d893278